Statistics for Esperanto vocabulary 1

Click here to take the quiz!

General Stats

  • This quiz has been taken 162 times
  • The average score is 25 of 32

Answer Stats

EsperantoEnglish% Correct
GrandaBig
98%
BonaGood
95%
RapidaQuick
95%
LaThe
93%
DankonThanks
91%
HundoDog
90%
KatoCat
89%
SalutonHello
89%
EstasIs
89%
MalbonaBad
87%
MalrapidaSlow
86%
MalgrandaSmall
86%
NeNot
84%
ViroMan
83%
VirinoWoman
82%
FeliĉaHappy
81%
Ne estasIs not
79%
KajAnd
78%
KnaboBoy
77%
MalfeliĉaUnhappy
77%
KnabinoGirl
74%
EstisWas
73%
ReĝoKing
69%
ReĝinoQueen
68%
Ne estisWas not
66%
JunaYoung
63%
SedBut
62%
Or
61%
MaljunaOld(not young)
60%
ĈarBecause
57%
Ĝis revidoGoodbye
45%
Mi petasPlease
29%

Score Distribution

Percentile by Number Answered

Percent of People with Each Score

Your Score History

You have not taken this quiz